Music Quiz

Random Music or Billboard Quiz

50 Hits to Click: 1997 Quiz Stats

Quiz Updated Mar 8, 2018

Challenge
Share
Tweet
Embed
Score 0/50 Timer 05:00
14 Plays Today
% Correct
Men
89%
Fly
88.6%
Games
87.5%
Argentina
86.8%
Barbie
85.4%
Winding
83.6%
Problems
83.5%
Face
83.3%
Believe
80.7%
Life
78.2%
Sorry
74.8%
Cowboys
74.3%
Heart
74.1%
Missing
73.7%
You
68.1%
Home
67.4%
Crash
66.9%
Kisses
66.7%
Say
66.5%
Return
64.5%
There
64%
See
63.7%
Bit
63.6%
Go
61.6%
Foolish
60.9%
% Correct
Bizarre
60.8%
Seasons
60.4%
Secret
59.9%
Breathing
58.1%
December
56.6%
Feel
56.5%
Headlight
55.5%
Show
55%
Live
54.5%
Promise
53.9%
Gotham
53.6%
Cried
52.9%
Something
52.6%
Together
50.1%
Hold
49.9%
Building
49.8%
Boogie
49.2%
Leave
48%
Mine
42.9%
Wanna
42.5%
Daddy
41%
Will
40.6%
Sock
38.7%
Invisible
37.7%
Love
37.7%

You're not logged in!

Compare scores with friends on all Sporcle quizzes.
Sign Up with Email
OR
Log In

You Might Also Like...

Show Comments

Extras

Top Quizzes Today


Score Distribution

Your Account Isn't Verified!

In order to create a playlist on Sporcle, you need to verify the email address you used during registration. Go to your Sporcle Settings to finish the process.

Report this User

Report this user for behavior that violates our Community Guidelines.

Details: